00291nam a22001217a 4500003000500000020002400005038001100029082002100040100001800061245003900079260003800118300001300156NUST a9789694025636qH/B. awaseem a307.1412092bCOS aCossins, Noel aThe man in the Hat /cNoel Cossins aKarachi :bVanguard Books,c2013. a709 p. ;